000 00360 a2200169 4500
001 68904
020 _a8516043444
040 _cAnchieta - Itaigara
100 _aMachado, Ana Maria
240 1 0 _aQue lambança!
_lpor
245 1 0 _aQue lambança!
300 _a26
362 0 _a2004
440 1 _aSalamandra
650 4 _aLiteratura infantil
942 _cBK
999 _c68904
_d68904